000 00371nam a22001577a 4500
003 MPLRDC
005 20220104124552.0
008 210129b ||||| |||| 00| 0 eng d
082 _a859.6 ZTY*
100 _a张天翼著
245 _a宝葫芦的秘密
_c
260 _a
_b中流出版社有限公司
_c1978
300 _b
650 _a
942 _cBK
_o859.6 ZTY*
999 _c20377
_d20367